Quiz sur Geometry Dash - Statistiques

Statistiques générales
  • Ce quiz a été pris 189 fois
  • Le résultat moyen est 5 sur 15
Statistiques - réponses
Hint Réponse % Correct
Très facile: Qui est le premier vérifieur de Tidal Wave Zoink
98%
Difficile: Quel niveau créé par Knobbelboy est un remix plus dur de Bloodbath ? Bloodlust
79%
Facile: Qui a été élu meilleur créateur de 2023 (avec 54.9% des voix) ? Bli
47%
Tu dors des fois ?: Quel est le youtubeur GD chauve le plus suivi (en 2024) ? EVW
47%
Difficile: Quel niveau 2* stars est controversé pour sa difficulté hors norme pour un 2* ? XMas Challenge
43%
Facile: Quel est (en 2024) le insane demon le plus likés ? Supersonic
37%
Quasi-Impossible: Quel créateur a créé Avernus et The Golden ? bobobobobobo
32%
Extrême: Avec quel créateur Riot a créé Acheron et Aeternus ? Ryamu
31%
Très facile: Quel est (en 2024) le niveau le plus download de l'histoire ? Outerspace
29%
Très difficile: Quel est (en 2024) le medium demon le plus liké ? Theory of Skrillex
20%
Facile: Qui a crée B ? Motleyorc
19%
Elder Modérateur: Quel était le prix de l'objet pour changer le son du practice avant une MAJ ? 100000
17%
Modo Discord: Comment a-t-on le skin Lenny (un mot suffi) ? code
7%
Difficile: Quel est le tout premier weekly ? Impact X
3%
Impossible: Qui a créé TON 618 ? Pooooooooooooch
3%
Aucun quiz correspondant
Distribution des résultats
% des personnes avec chaque résultat
Percentile par nombre de réponses
Votre historique - résultats
Vous n’avez pas pris ce quiz